Statistics for Квиз о Таџикистану

Click here to take the quiz!

General Stats

  • This quiz has been taken 47 times
  • The average score is 9 of 14

Answer Stats

ОписОдговор% Correct
Држава од које је добио независност 1991. годинеСовјетски Савез
97%
Религија коју практикује 98% становништваИслам
97%
Главни градДушанбе
89%
Од 4 државе са којима се граничи, само ова нема име које се завршава на "-стан"Кина
89%
Древна трговачка рута која је пролазила кроз ову државуПут {Свиле}
89%
Регија у којој се Таџикистан налази{Централна} Азија
87%
Други најважнији језик у ТаџикистануРуски
82%
Именуј државу која има већу просечну надморску висину од ТаџикистанаБутан | Непал
82%
Бивше име града изнад (назван по совјетском диктатору){Стаљин}абад
68%
Као и суседна држава Авганистан, и Таџикистан је центар производње ове дрогеХероин
55%
Таџички језик је заправо дијалекат овог језика ....Персијског
29%
Таџикистан је дом најдужег _____ ван поларних подручјаГлечера
16%
Израз за ривалство између Велике Британије и Русије, за доминацију над овим подручјем током 19. векаВелика {игра}
16%
Први и једини председник ТаџикистанаЕмомали Рахмон
8%

Score Distribution

Percentile by Number Answered

Percent of People with Each Score

Your Score History

You have not taken this quiz